000 00935nam a2200229 4500
001 109969
003 ES-MaACL
005 20250814063226.0
007 t|
008 061121s1957 sp r ||||1| spa d
100 1 _aObrador Alcalde, Sixto,
_d1911-1978
_986417
245 1 0 _aAspectos fisiopatológicos, clínicos y quirúrgicos de las epilesias /
_cpor Sixto Obrador Alcalde, J.C. Oliveros; con una introducción neurofisiológica por A. Fernández de Molina.
260 _aMadrid :
_bPaz Montalvo,
_c1957.
300 _a217 p. :
_bil. ;
_c24 cm.
500 _aEs la monografía nº 3.
500 _aPrecede al Tit : Instituto de Investigaciones Clínicas y Médicas.
700 1 _aOliveros, José Carlos.
_986869
700 1 _aFernández de Molina, Antonio.
_9216551
710 2 _aInstituto de Investigaciones Clínicas y Médicas (Madrid)
_94968
852 _aES-MaACL
_jC-13255
_bR.41268
999 _c109969
_d109969